000 00562nam a2200217Ia 4500
005 20250923150215.0
008 008 250917s9999 xx 000 0 eng d
037 _aTextual
040 _aDSWL
_beng
_cDSWL
041 _aeng
_2eng
084 _qDSWL
100 _aGeorge, D
_9843400
245 0 _aSPSS for windows step by step
_cby D George
260 _aIndia
_bDorling Kindersley
_c2006
300 _a386 p.
365 _aINR
_b250 .0
650 _a WJ Nilsen
_9843401
925 _g250 .0
942 _cTEXL
999 _c1460803
_d1460803